000 00801nam a2200265Ia 4500
003 OSt
005 20220927105316.0
006 a|||||r|||| 00| 0
007 ta
008 220926b |||||||| |||| 00| 0 eng d
020 _a97811127119
024 _a175956
037 _cReference Collections
040 _aRTL
_cRTL
_beng
041 _2eng
_aeng
082 _a"X65.658.P, P6/UN"
110 _aUNITED NATIONS CONFERENCE ON TRADE AND DEVELOPMENT
245 0 _aInvestment policy review
_b Zambia
260 _aNew
_bYork United Nations
_c2006
300 _a"xi, 76p"
_ccm.
500 _aBibliography P 66
700 _aUNITED NATIONS CONFERENCE ON TRADE AND DEVELOPMENT
942 _h"X65.658.P, P6/UN"
_cCC
999 _c691728
_d691728